00709nam a22002057a 450000500170000001000150001702000260003203500140005803700130007208200110008510000300009624501230012625000060024926000670025527000770032230000210039970000390042094200250045999900190048420240131113913.0 aENG-139099 c875.00a9789354094521 aEN-122631 bDBAD/PUB a260.33 a Singh, Dr. Dharam961474 aGuru Tegh Bahadur/cby Dr. Dharam Singh, Dr. Paramvir Singh; edited by Roma ChatterjeebHis Life, Travels and Message/ a  aNew DelhibThe Director General, Publications Division, c2022 bNew DelhiaSoochna Bhawan, C.G.O. Complex, Lodhi Road, New Delhie110003 a195p.c29cm(pbk) aSingh, Dr. ParamvireAuthor961475 2ddccENh260.33mSIN c200463d200463